Netherlands Quarterly of Human Rights

Detalles Bibliográficos
Formato: eBook
Lenguaje:inglés
Materias:
Acceso en línea:Acceso restringido

MARC

LEADER 00000nam a22000007a 4500
005 20211015011634.0
007 cr|||| ||||
008 211015c19909999gb qr|w s|||| 0|||b1eng d
022 |a 0924-0519 
035 |a 33826 
040 |a vLex 
090 |c 12584  |d 12584 
245 0 0 |a Netherlands Quarterly of Human Rights  |h [Recurso electrn̤ico] / 
256 |a Servicio en ln̕ea 
300 |a 1 recurso electrn̤ico 
310 |a Trimestral 
506 1 |a Disponible solo en los productos indicados  |d vLex Global  |d vLex Global (Academic Edition, excluding Law Schools)  |d vLex Global (U.S. Academic Edition, Law Schools)  |d vLex Global (U.S. Academic Edition, excluding Law Schools)  |d vLex Global (Academic Edition, Law Schools) 
650 0 4 |a Derecho Internacional  |z Reino Unido 
740 0 |a vLex Revistas (Servicio en ln̕ea) 
856 4 0 |u https://app.vlex.com/#/sources/33826  |z Acceso restringido 
942 |c REV 
999 0 |a International right